แสดงรายละเอียดบรรณานุกรม
  กลับหน้าหลัก

Brief Record : Get Marc (ISO 2709) : E-mail record : QR code ปิดหน้าต่าง
LEADER 00000nama 2200000uu 4500
008    040531s|||| th m m a000 0 tha d
020    974-291-470-2
041    tha
050    ฑฤ645.7.T5 ค695 2541
100    หน่วยกู้ชีพ กลุ่มงานอุบัติเหตุฉุกเฉินและนิติเวชวิทยา.
245    คู่มือการจัดระบบบริหารผู้ป่วยฉุกเฉิน ณ จุดเกิดเหตุ.
260    ขอนแก่น. หน่วยกู้ชีพ กลุ่มงานอุบัติเหตุฉุกเฉินและนิติเวชวิทยา. 2541.
440    Report no.30-1998-6
600    โรงพยาบาล--บริการพยาบาลฉุกเฉิน--คู่มือ.
650    พนักงานกู้ชีพ--ไทย--ขอนแก่น--คู่มือ.
995    001
รายการนี้ยังไม่มีแท็ก
คุณยังไม่ได้ล็อกอิน คุณสามารถมีกิจกรรมร่วมกับเว็บไซต์ได้ แต่ต้องล็อกอินก่อน ::
  ล็อกอิน
ลำดับที่ ประเภท เลขเรียก สถานที่ สถานะ
1. หนังสือทั่วไป
หนังสือทั่วไป
ฑฤ645.7.T5 ค695 2541  
  
หนังสือทั่วไป On Shelf
  ขอยืม
   [แสดง 1/1 รายการ]

BibComment


ยังไม่เคยถูกคอมเมนท์

คอมเมนท์ทรัพยากรรายการนี้
  คอมเมนท์: คู่มือการจัดระบบบ..
Bib 194816

 
 
 

 Union Library Management : ULibM
Copyright 2026. All Rights Reserved.
скачать бесплатно без регистрации порно красивый секс HD Sex Hindi sex

xxx gou

xxxx

bfxxx

xxxwww

Секса Видео

xxxx

Секса Видео

detube

geilexxx

C99 Shell

worms shell

blod xxx video
Ebony Coed Rihanna Rimes Takes A Dick In Her Young Twat priyaa indian fuck anal and pusssy hardcore indian women xxx desi hardcore fucking part 1 bengalixxxcouple